[Event "Bad Godesberg op 15th"]
[Site "Bad Godesberg"]
[Date "2011.07.31"]
[Round "9"]
[White "Dohr, Jonas"]
[Black "Dohr, Niklas"]
[Result "1/2-1/2"]
[WhiteElo "1117"]
[BlackElo "1296"]
[PlyCount "57"]
[EventDate "2011.07.23"]
[EventType "swiss"]
[EventRounds "9"]
[EventCountry "GER"]
[SourceTitle "EXT 2017"]
[Source "ChessBase"]
[SourceDate "2016.10.25"]
[SourceVersion "1"]
[SourceVersionDate "2016.10.25"]
[SourceQuality "1"]

1. e4 e5 2. Nf3 Nc6 3. Bc4 Bc5 4. Nc3 Nf6 5. d3 h6 6. 0-0 d6 7. b3 Be6 8. Nd5 Bxd5 9. Bxd5 Nxd5 10. exd5 Ne7 11. c4 b5 12. a3 0-0 13. Qe2 bxc4 14. dxc4 Ng6 15. b4 Bb6 16. Bb2 Qf6 17. Nd2 Nf4 18. Qf3 Qg6 19. a4 a5 20. b5 Nd3 21. Bc3 Bxf2+ 22. Rxf2 Nxf2 23. Qxf2 Qc2 24. Nb1 Qxf2+ 25. Kxf2 f5 26. Nd2 Rfe8 27. Kf3 g5 28. g3 e4+ 29. Ke3 1/2-1/2

[Event "Bad Godesberg op 15th"]
[Site "Bad Godesberg"]
[Date "2011.07.30"]
[Round "8"]
[White "Dohr, Niklas"]
[Black "Leymann, Peter"]
[Result "0-1"]
[WhiteElo "1296"]
[BlackElo "1364"]
[PlyCount "124"]
[EventDate "2011.07.23"]
[EventType "swiss"]
[EventRounds "9"]
[EventCountry "GER"]
[SourceTitle "EXT 2017"]
[Source "ChessBase"]
[SourceDate "2016.10.25"]
[SourceVersion "1"]
[SourceVersionDate "2016.10.25"]
[SourceQuality "1"]

1. e4 g6 2. d4 Bg7 3. Nc3 c5 4. Nf3 cxd4 5. Nxd4 Nc6 6. Nxc6 bxc6 7. Bd2 d6 8. g3 Nf6 9. Bg2 e5 10. f4 Ba6 11. Qf3 Rb8 12. 0-0-0 Qb6 13. b3 0-0 14. Be3 Qb4 15. Nb1 Rfd8 16. fxe5 dxe5 17. Rxd8+ Rxd8 18. Bg5 Qe7 19. Bxf6 Bxf6 20. Bf1 Bb5 21. Bxb5 cxb5 22. Rd1 Bg5+ 23. Kb2 b4 24. Rxd8+ Qxd8 25. Qd3 Qb6 26. a4 Qg1 27. h4 Bc1+ 28. Ka2 Kg7 29. Qf3 a5 30. g4 Be3 31. g5 Bf4 32. Qd3 Qh2 33. Qa6 Qxc2+ 34. Ka1 Qc7 35. Qf1 Be3 36. Qe2 Bd4+ 37. Ka2 Qc1 38. Qd2 Qh1 39. Qe2 Qxh4 40. Qg2 Be3 41. Nd2 Qxg5 42. Qxg5 Bxg5 43. Nc4 Bd8 44. Nxe5 f6 45. Nf3 h5 46. Kb1 g5 47. Kc2 h4 48. Kd2 h3 49. Ke2 g4 50. Kf2 Bc7 51. Ng1 g3+ 52. Kf1 h2 53. Kg2 hxg1Q+ 54. Kxg1 Kg6 55. Kg2 Kg5 56. Kf3 Kh4 57. Kg2 Kg4 58. Kg1 Kf3 59. Kf1 g2+ 60. Kg1 Bb6+ 61. Kh2 g1Q+ 62. Kh3 Qg3# 0-1

[Event "Bad Godesberg op 15th"]
[Site "Bad Godesberg"]
[Date "2011.07.24"]
[Round "2"]
[White "Grosse Gehling, Thomas"]
[Black "Dohr, Niklas"]
[Result "1/2-1/2"]
[WhiteElo "1599"]
[BlackElo "1296"]
[PlyCount "60"]
[EventDate "2011.07.23"]
[EventType "swiss"]
[EventRounds "9"]
[EventCountry "GER"]
[SourceTitle "EXT 2017"]
[Source "ChessBase"]
[SourceDate "2016.10.25"]
[SourceVersion "1"]
[SourceVersionDate "2016.10.25"]
[SourceQuality "1"]

1. d4 d5 2. c4 e5 3. dxe5 d4 4. a3 Nc6 5. Bf4 Be6 6. Nd2 b6 7. Ngf3 Bg4 8. Qc2 g6 9. b4 Bg7 10. Qb3 Nge7 11. Rd1 0-0 12. h3 Be6 13. Qb2 f6 14. exf6 Bxf6 15. Bg5 Bg7 16. Qc2 Re8 17. Nb3 Qd7 18. b5 Na5 19. Nbxd4 Bxd4 20. Nxd4 Rad8 21. Nxe6 Qxe6 22. Rxd8 Rxd8 23. Qc3 Qd6 24. Qd3 Qxd3 25. exd3 Re8 26. Kd1 Nf5 27. Bf4 Kf7 28. Be3 Rd8 29. Bd2 Nxc4 30. Kc2 Nxa3+ 1/2-1/2

[Event "Bad Godesberg op 15th"]
[Site "Bad Godesberg"]
[Date "2011.07.23"]
[Round "1"]
[White "Eisentraut, Dieter"]
[Black "Dohr, Niklas"]
[Result "1-0"]
[WhiteElo "1814"]
[BlackElo "1296"]
[PlyCount "97"]
[EventDate "2011.07.23"]
[EventType "swiss"]
[EventRounds "9"]
[EventCountry "GER"]
[SourceTitle "EXT 2017"]
[Source "ChessBase"]
[SourceDate "2016.10.25"]
[SourceVersion "1"]
[SourceVersionDate "2016.10.25"]
[SourceQuality "1"]

1. d4 d5 2. Bg5 Bf5 3. e3 Nc6 4. Bd3 Bxd3 5. cxd3 f6 6. Bf4 e5 7. dxe5 fxe5 8. Bg3 Nf6 9. Nf3 Bd6 10. Qb3 b6 11. 0-0 0-0 12. Nc3 Na5 13. Qa4 Qe7 14. Bh4 Qe6 15. b4 Nb7 16. Bxf6 Rxf6 17. Qc6 Rb8 18. Qxd5 Qxd5 19. Nxd5 Rg6 20. Rfc1 Rc8 21. d4 e4 22. Nd2 Rh6 23. h3 c6 24. Nxe4 Kf7 25. Nxd6+ Nxd6 26. Nf4 g5 27. Nd3 Ne4 28. f3 Ng3 29. Kf2 Nf5 30. d5 Nd6 31. Ne5+ Kf8 32. Rxc6 Rxc6 33. Nxc6 Nb5 34. Rc1 Nc7 35. e4 Ke8 36. Nxa7 Kd7 37. Rc6 Rxc6 38. Nxc6 Kd6 39. Kg3 Kd7 40. Kg4 Ke8 41. Kxg5 Kf7 42. Kh6 Kg8 43. d6 Ne6 44. d7 b5 45. f4 Kf7 46. f5 Nc7 47. d8Q Ne8 48. Qe7+ Kg8 49. Qxe8# 1-0

[Event "GER-ch Net qual3 U14"]
[Site "Playchess.com INT"]
[Date "2011.05.08"]
[Round "4"]
[White "Wiesner, Paula"]
[Black "Dohr, Niklas"]
[Result "1-0"]
[WhiteElo "1609"]
[BlackElo "1501"]
[PlyCount "107"]
[EventDate "2011.05.08"]
[EventType "swiss (blitz)"]
[EventRounds "7"]
[EventCountry "GER"]
[SourceTitle "CBM 142 Extra"]
[Source "ChessBase"]
[SourceDate "2011.06.27"]
[SourceVersion "1"]
[SourceVersionDate "2011.06.27"]
[SourceQuality "1"]

1. e4 d5 2. exd5 Qxd5 3. Nc3 Qa5 4. Nf3 Bg4 5. h3 Bh5 6. d4 c6 7. Bf4 Nf6 8. Bc4 e6 9. 0-0 Be7 10. Qd3 Bg6 11. Qd2 0-0 12. Nd5 Qxd2 13. Nxe7+ Kh8 14. Nxg6+ fxg6 15. Bxd2 Nd5 16. Bxd5 exd5 17. Rfe1 Nd7 18. Re7 Nf6 19. Rxb7 Ne4 20. Be3 Rab8 21. Rxb8 Rxb8 22. b3 a5 23. Nd2 Nc3 24. a4 Re8 25. Kf1 h6 26. Re1 g5 27. Nb1 Ne4 28. f3 Ng3+ 29. Kf2 Nf5 30. Bd2 Rxe1 31. Bxe1 Nxd4 32. Na3 Kh7 33. Bxa5 Kg6 34. Bb6 Ne6 35. a5 Kf5 36. a6 d4 37. a7 Nf4 38. a8Q d3 39. Qf8+ Kg6 40. Qd6+ Kh5 41. g4+ Kh4 42. cxd3 Nxh3+ 43. Ke3 Nf4 44. Ke4 Kg3 45. Qb4 Kg2 46. Qd2+ Kg3 47. Qf2+ Kh3 48. Be3 Ng2 49. Nc2 h5 50. Ne1 Nh4 51. Qf1+ Kh2 52. Bf2 hxg4 53. Qg1+ Kh3 54. Qg3# 1-0

[Event "GER-ch Net qual2 U14"]
[Site "Playchess.com INT"]
[Date "2011.05.04"]
[Round "7"]
[White "Dohr, Niklas"]
[Black "Rempe, Moritz"]
[Result "1/2-1/2"]
[WhiteElo "1502"]
[BlackElo "1784"]
[PlyCount "70"]
[EventDate "2011.05.04"]
[EventType "swiss (blitz)"]
[EventRounds "7"]
[EventCountry "GER"]
[SourceTitle "CBM 142 Extra"]
[Source "ChessBase"]
[SourceDate "2011.06.27"]
[SourceVersion "1"]
[SourceVersionDate "2011.06.27"]
[SourceQuality "1"]

1. e4 e6 2. d4 d5 3. e5 c5 4. c3 Qb6 5. Nf3 Nc6 6. Na3 Bd7 7. Nb5 a6 8. Nd6+ Bxd6 9. exd6 Nf6 10. Ne5 cxd4 11. Nxc6 Qxc6 12. Qxd4 Qxd6 13. Bf4 Qe7 14. Bg5 h6 15. Bxf6 Qxf6 16. Qxf6 gxf6 17. Bd3 Ke7 18. 0-0-0 Rhg8 19. g3 b5 20. b3 Rac8 21. Kb2 Rc7 22. Rc1 Rgc8 23. Rc2 e5 24. f3 d4 25. cxd4 Rxc2+ 26. Bxc2 exd4 27. Rd1 Bc6 28. f4 Rd8 29. Ka3 Bf3 30. Rd3 Be2 31. Rd2 d3 32. Bb1 Ke6 33. Kb4 a5+ 34. Kxa5 Rd4 35. Kxb5 Kd5 1/2-1/2

[Event "GER-ch Net qual2 U14"]
[Site "Playchess.com INT"]
[Date "2011.05.04"]
[Round "1"]
[White "Wagner, Dennis"]
[Black "Dohr, Niklas"]
[Result "1-0"]
[WhiteElo "2178"]
[BlackElo "1502"]
[PlyCount "57"]
[EventDate "2011.05.04"]
[EventType "swiss (blitz)"]
[EventRounds "7"]
[EventCountry "GER"]
[SourceTitle "CBM 142 Extra"]
[Source "ChessBase"]
[SourceDate "2011.06.27"]
[SourceVersion "1"]
[SourceVersionDate "2011.06.27"]
[SourceQuality "1"]

1. d4 d5 2. c4 e5 3. dxe5 d4 4. Nf3 Nc6 5. g3 Bb4+ 6. Nbd2 Bxd2+ 7. Bxd2 Bg4 8. Bg2 Nge7 9. 0-0 0-0 10. Bf4 Bxf3 11. Bxf3 Ng6 12. Qb3 Nxf4 13. gxf4 Rb8 14. Rfd1 Qh4 15. Bxc6 bxc6 16. Qf3 Rxb2 17. Rxd4 h6 18. a3 g5 19. Rad1 g4 20. Qe4 f5 21. Qe3 Rfb8 22. Rd7 R2b3 23. Qxa7 Rb1 24. Qxc7 Rxd1+ 25. Rxd1 Re8 26. Rd7 Rb8 27. Rg7+ Kh8 28. Rh7+ Kg8 29. Qf7# 1-0

[Event "GER-ch Net qual1 U14"]
[Site "Playchess.com INT"]
[Date "2011.05.01"]
[Round "1"]
[White "Dohr, Niklas"]
[Black "Huchebrink, Chris"]
[Result "0-1"]
[WhiteElo "1399"]
[BlackElo "1926"]
[PlyCount "90"]
[EventDate "2011.05.01"]
[EventType "swiss (blitz)"]
[EventRounds "7"]
[EventCountry "GER"]
[SourceTitle "CBM 142 Extra"]
[Source "ChessBase"]
[SourceDate "2011.06.27"]
[SourceVersion "1"]
[SourceVersionDate "2011.06.27"]
[SourceQuality "1"]

1. e4 e6 2. d4 d5 3. e5 c5 4. c3 Qb6 5. Nf3 Nc6 6. b3 Nge7 7. Bb2 Nf5 8. Be2 cxd4 9. cxd4 Bb4+ 10. Nbd2 Ncxd4 11. Nxd4 Nxd4 12. Bd3 Bd7 13. 0-0 Nc6 14. Nf3 Be7 15. Rc1 0-0 16. Qc2 g6 17. Qe2 Kg7 18. Rc2 Rac8 19. Rfc1 Nb4 20. Rxc8 Rxc8 21. Rxc8 Bxc8 22. Bb1 Bd7 23. a3 Nc6 24. b4 a6 25. h3 Na7 26. Bc1 Qd8 27. Qd2 Kg8 28. Qd4 Nb5 29. Qe3 Qc7 30. Qf4 Nc3 31. Bd3 Bb5 32. Bxb5 axb5 33. Ng5 Ne2+ 34. Kh2 Nxf4 35. Bxf4 Bxg5 36. Bxg5 Qxe5+ 37. f4 Qb2 38. h4 Qxa3 39. h5 Kg7 40. h6+ Kg8 41. g4 Qxb4 42. f5 Qxg4 43. fxe6 Qh5+ 44. Kg2 Qxg5+ 45. Kf3 fxe6 0-1

[Event "GER-ch Net qual1 U14"]
[Site "Playchess.com INT"]
[Date "2011.05.01"]
[Round "4"]
[White "Oehne, Timo"]
[Black "Dohr, Niklas"]
[Result "1-0"]
[WhiteElo "1748"]
[BlackElo "1399"]
[PlyCount "73"]
[EventDate "2011.05.01"]
[EventType "swiss (blitz)"]
[EventRounds "7"]
[EventCountry "GER"]
[SourceTitle "CBM 142 Extra"]
[Source "ChessBase"]
[SourceDate "2011.06.27"]
[SourceVersion "1"]
[SourceVersionDate "2011.06.27"]
[SourceQuality "1"]

1. d4 d5 2. c3 Nf6 3. Bg5 Bf5 4. Bxf6 gxf6 5. Nf3 Nc6 6. g3 e5 7. Bg2 Qd6 8. Nh4 Be6 9. e3 0-0-0 10. b4 a6 11. a4 a5 12. bxa5 Nxa5 13. Na3 Qc6 14. Nb5 e4 15. Na7+ Kb8 16. Nxc6+ Nxc6 17. a5 f5 18. a6 b6 19. Qa4 Na7 20. 0-0 Bd7 21. Qb3 Be6 22. Bh3 Be7 23. Nxf5 Bxf5 24. Bxf5 Rd6 25. c4 dxc4 26. Qxc4 Rhd8 27. Bxe4 Re6 28. Bd5 Rf6 29. Bxf7 Bd6 30. Rfc1 Rd7 31. Bd5 Rg7 32. Bb7 h5 33. d5 Rgf7 34. Qc6 Rxf2 35. Qe8+ Nc8 36. Qxc8+ Ka7 37. Qa8# 1-0